000 00475nam a2200157 i 4500
001 35450
003 ES-MaACL
005 20230906155130.0
007 t|
008 030213q1917 fr ||||1| fre d
100 0 _aBouasse, H.
_930820
245 1 0 _aConstruction, description et emploi des appareils de mesure et d'observation /
_cpar Henri Pierre Maxime Bouasse.
260 _aParis :
_bDelagrave,
_c[1917?]
300 _aXXX, 629 p. ;
_c25 cm.
852 _aES-MaACL
_jB-4860
999 _c35450
_d35450